La razón y sus enemigos en nuestro tiempo
Guardado en:
| 主要作者: | |
|---|---|
| 格式: | Texto |
| 出版: |
Buenos Aires:
Editorial Sudamericana
|
| 標簽: |
添加標簽
沒有標簽, 成為第一個標記此記錄!
|
MARC
| LEADER | 00000 a a2200000 04500 | ||
|---|---|---|---|
| 001 | 22516 | ||
| 003 | |||
| 040 | |||
| 090 | |a 153300 | ||
| 100 | |a Jaspers, Karl | ||
| 245 | |a La razón y sus enemigos en nuestro tiempo | ||
| 260 | |a Buenos Aires: |b Editorial Sudamericana | ||
| 300 | |a 63 p. | ||
| 999 | |c 434 |d 434 | ||
